Tuyển tập nghiên cứu, phê bình âm nhạc truyền thống Việt Nam

Sparad:
Bibliografiska uppgifter
Huvudupphovsman: Vĩnh Phúc
Institutionell upphovsman: Hội văn nghệ Dân gian Việt Nam
Materialtyp: Bok
Publicerad: Hà Nội Hội nhà văn 2017
Ämnen:
Taggar: Lägg till en tagg
Inga taggar, Lägg till första taggen!
Thư viện lưu trữ: Trung tâm Học liệu Lê Vũ Hùng, Trường Đại học Đồng Tháp
LEADER 00920pam a22002538a 4500
001 00044194
005 20190424140439.0
008 110421s1993 ||||||Viesd
020 # # |c 0  |a 978 604786689 2 
041 0 # |a Vie 
082 1 4 |b T527T  |a 781.620 095 97 
100 1 # |a Vĩnh Phúc  |q Bùi, Ngọc Phúc 
245 0 0 |c Vĩnh Phúc  |a Tuyển tập nghiên cứu, phê bình âm nhạc truyền thống Việt Nam 
260 # # |a Hà Nội  |b Hội nhà văn  |c 2017 
300 # # |c 21 cm.  |a 543 tr. 
500 # # |a ĐTTS ghi: Hội văn nghệ Dân gian Việt Nam 
653 # # |a Nghiên cứu 
653 # # |a Phê bình 
653 # # |a Việt Nam 
653 # # |a Âm nhạc cổ truyển 
710 # # |a Hội văn nghệ Dân gian Việt Nam 
852 # # |j KD.0025774 
910 # # |d 24/04/2019 
980 # # |a Trung tâm Học liệu Lê Vũ Hùng, Trường Đại học Đồng Tháp